1524 1498 1278 1213 1001 1525 1955 1182 1918 1128 1285 1042 1977 1276 1100 1841 1229 1675 1940 1155 1695 1188 1043 1927 1429 1075 1546 1138 1852 1380 1568 1577 1559 1305 1139 1440 1140 1483 2000 1145 1464 1142 1340 1534 1696 1144 1135 1061 1973 1193 1828 1947 1262 1152 1840 1691 1519 1315 1113 1050 1763 1073 1917 1592 1501 1001 1419 1296 1378 1943 1747 1521 1466 1124 1685 1389 1371 1345 1597 1176 1722 1426 1126 1822 1171 1722 1398 1183 1078 1444 1483 1210 1295 1141 1492 1990 1496 1354 1138 BCNSPRNW ULIB Ver.6.0+V

เปลี่ยนเป็นภาษาไทย

Change to English
 แสดงรายละเอียดบรรณานุกรม
  กลับหน้าหลัก

Brief Record : Get Marc (ISO 2709) : E-mail record : QR code < ปิดหน้าต่าง
LEADER : 00000nam 2200000uu 4500
001    13399120560
003     ULIB
008    120927s2552||||th 000 0 tha d
020    ^a9789742353476
060 04 ^aWY105^bส945ถ
100 0  ^aเสาวลักษณ์ จิรธรรมคุณ
245 10 ^aถามและตอบ : การบริหารหอผู้ป่วย =^bQ & A : Ward management/^cเสาวลักษณ์ จิรธรรมคุณ
246 31 ^aQ & A : Ward management
260    ^aกรุงเทพฯ :^bภาควิชาการพยาบาลรากฐาน คณะพยาบาลศาสตร์มหาวิทยาลัยมหิดล,^c2552
300    ^a125 หน้า ;^c26 ซม.
650  7 ^aการพยาบาล^xการบริหาร
650  7 ^aคำถามและคำตอบ
650  7 ^aหอผู้ป่วย^xการบริหาร
710 2  ^aมหาวิทยาลัยมหิดล. ^bคณะพยาบาลศาสตร์.^bภาควิชาการพยาบาลรากฐาน
945    ^p129^l0^i16248
945    ^p129^l0^i16247
995    ^aวิภา
999 ^a ใช้งานได้ทุกระบบ
รายการนี้ยังไม่มีแท็ก
คุณยังไม่ได้ล็อกอิน คุณสามารถมีกิจกรรมร่วมกับเว็บไซต์ได้ แต่ต้องล็อกอินก่อน ::
  ล็อกอิน

รายการสื่อสารสนเทศ

ลำดับที่ ประเภท เลขเรียก/บาร์โค้ด สถานที่ สถานะ
- ไม่พบข้อมูล -

รายการใกล้เคียง
    ผู้แต่ง [เสาวลักษณ์ จิรธรรมคุณ]

    หัวเรื่อง [คำถามและคำตอบ]

BibComment


ยังไม่เคยถูกคอมเมนท์

คอมเมนท์ทรัพยากรรายการนี้
  คอมเมนท์: ถามและตอบ การบร..


 Copyright 2026. Bcnsprnw @Library